| 000 | 00411nam a2200169Ia 4500 | ||
|---|---|---|---|
| 003 | 0STCL | ||
| 008 | 150530s9999 xx 000 0 und d | ||
| 040 |
_aSTCL _cSTCL |
||
| 100 | _aParappurath | ||
| 245 | _aMakanne Ninakku Vendi | ||
| 260 |
_bSahitya Pravarthaka Co Operative Society ; Kottaya _c1983 |
||
| 300 | _a0 | ||
| 546 | _aMalayalam | ||
| 942 |
_2ddc _cBK |
||
| 999 |
_c73755 _d73755 |
||
| 005 | 20220125171537.0 | ||